|
|
|
|
| LEADER |
00000cam a2200000 7i4500 |
| 001 |
0000000852 |
| 005 |
20240919.0 |
| 008 |
991124 ilu a eng |
| 020 |
|
|
|a 0256027463
|
| 040 |
|
|
|a INS
|b eng
|e rda
|
| 090 |
0 |
0 |
|a HM271
|b .G28 1982
|
| 100 |
1 |
|
|a Gamson, William A. ,
|e author
|
| 245 |
1 |
0 |
|a Encounters with unjust authority
|c William A. Gamson, Bruce Fireman, Steven Rytina
|
| 264 |
|
1 |
|a Homewood, Illinois :
|b The Dorsey Press
|c 1982
|
| 300 |
|
|
|a xv, 171 pages :
|b illustrations ;
|c 23 cm.
|
| 336 |
|
|
|a text
|2 rdacontent
|
| 337 |
|
|
|a unmediated
|2 rdamedia
|
| 338 |
|
|
|a volume
|2 rdacarrier
|
| 650 |
|
0 |
|a Authority
|
| 700 |
1 |
|
|a Fireman, Bruce ,
|e author
|
| 700 |
1 |
|
|a Rytina, Steven ,
|e author
|
| 999 |
|
|
|a 0000002247
|b BOOK
|c Open Shelf
|e Default branch
|